Die pest
Guardado en:
| Hovedforfatter: | |
|---|---|
| Format: | Bog |
| Sprog: | Undetermined |
| Udgivet: |
Alemania
Belletristik
1979
|
| Fag: | |
| Tags: |
Tilføj Tag
Ingen Tags, Vær først til at tagge denne postø!
|
MARC
| LEADER | 00000nam a2200000Ia 4500 | ||
|---|---|---|---|
| 008 | 170316s9999 xx 000 0 und d | ||
| 040 | |a cru BVZT | ||
| 090 | |a 840 C-2d | ||
| 100 | |a Camus, Albert | ||
| 245 | |a Die pest | ||
| 260 | |a Alemania | ||
| 260 | |b Belletristik | ||
| 260 | |c 1979 | ||
| 300 | |a 254 páginas | ||
| 650 | |a LITERATURA FRANCESA | ||
| 999 | |c 7583 |d 7583 | ||
| 942 | |c 15 D |h 840 C-2d |2 z | ||
